Revision and the Superhero Genre /
En este libro se exponen estrategias para examinar la práctica en los géneros narrativos, especialmente en la ficción de superhéroes, debido a que en este género se combinan factores que permiten la revisión, ya que los autores están más preocupados por mejorar sus textos originales, creando alterna...
-д хадгалсан:
| Үндсэн зохиолч: | |
|---|---|
| Формат: | Ном |
| Хэл сонгох: | англи |
| Хэвлэсэн: |
Cham, Suiza :
Palgrave Macmillan,
2017, c2017
|
| Цуврал: | (Palgrave Studies in Comics and Graphic Novels)
|
| Нөхцлүүд: | |
| Онлайн хандалт: | Ver documento en línea |
| Шошгууд: |
Шошго байхгүй, Энэхүү баримтыг шошголох эхний хүн болох!
|
MARC
| LEADER | 00000nam^a2200000^a^4500 | ||
|---|---|---|---|
| 001 | 000446705 | ||
| 005 | 20251023000000.0 | ||
| 009 | 20260526145250.674 | ||
| 020 | |a 978-3-319-64759-3 | ||
| 037 | |a Acervo ITESO - Biblioteca | ||
| 041 | |a ING | ||
| 082 | |a 809. 93371 |b HYM | ||
| 100 | |a Hyman David |e (autor) | ||
| 245 | 1 | 0 | |a Revision and the Superhero Genre / |c D. Hyman. |
| 264 | 4 | |a Cham, Suiza : |b Palgrave Macmillan, |c 2017, c2017 | |
| 264 | 2 | |a Cartagena, España : |b Odilo [distribución], |c 2022 | |
| 300 | |a 1 libro electrónico en línea (1 v. sin paginación) | ||
| 300 | |a 1 recurso en línea | ||
| 336 | |a datos para computadora |b cod |2 rdacontenido | ||
| 337 | |a computadora |b c |2 rdamedio | ||
| 338 | |a recurso en línea |b cr |2 rdasoporte | ||
| 440 | 1 | |a (Palgrave Studies in Comics and Graphic Novels) | |
| 506 | 1 | |a 1 licencia | |
| 520 | |a En este libro se exponen estrategias para examinar la práctica en los géneros narrativos, especialmente en la ficción de superhéroes, debido a que en este género se combinan factores que permiten la revisión, ya que los autores están más preocupados por mejorar sus textos originales, creando alternativas, que en establecer versiones ortodoxas de sus escritos. En la revisión de la composición, el autor combina la teoría narrativa con estudios textuales como método para facilitar el diálogo con los autores y evitar que se limite la creatividad y la expresión, puesto que se trata de una tarea cultural que involucra decisiones éticas. | ||
| 521 | |a Odilo 2022 EEnlace Departamento de Estudios Socioculturales | ||
| 649 | |a XX | ||
| 650 | |a Imaginación Literaria | ||
| 650 | |a Creación (Literaria, Artística, etc.) en la Literatura | ||
| 650 | |a Creación (Literaria, Artística, etc.) - |x Estudio y Enseñanza - |x Tema Principal | ||
| 650 | |a Inglés - |x Composición y Ejercicios | ||
| 650 | |a Novela Fantástica - |x Historia y Crítica - |x Tema Principal | ||
| 650 | |a Novela - |x Historia y Crítica | ||
| 650 | |a Literatura Fantástica - |x Historia y Crítica - |x Tema Principal | ||
| 650 | |a Literatura - |x Teoría | ||
| 856 | 4 | 0 | |u https://iteso-odilotk-es.ezproxy.iteso.mx/info/02501651 |y Ver documento en línea |
| 910 | |a Fondo General | ||
| 920 | |a Electrónicos - Libros en Línea | ||
| 930 | |a Plataforma Digital | ||
| 905 | |a 205 | ||
| 901 | |a 446705-1 |b IT2 |c EBO |i C178525 |u 20250521 | ||
| 902 | |a https://opac.biblio.iteso.mx/vufind/Record/000446705 | ||